[Event "World Rapid Women 2019"]
[Site "Moscow RUS"]
[Date "2019.12.28"]
[Round "9.50"]
[White "Ovezdurdiyeva, Jemal"]
[Black "Agrest, Inna"]
[Result "0-1"]
[WhiteTitle "WFM"]
[BlackTitle "WIM"]
[WhiteElo "2061"]
[BlackElo "2286"]
[WhiteFideId "14001888"]
[BlackFideId "1708830"]
[EventDate "2019.12.26"]

1. d4 Nf6 2. c4 g6 3. Nc3 Bg7 4. Nf3 O-O 5. Bg5 d6 6. e3 Nbd7 7. Qc2 c6 8. Rd1
Qc7 9. Be2 e5 10. dxe5 dxe5 11. O-O Nc5 12. Bxf6 Bxf6 13. b4 Ne6 14. Ne4 Be7 15.
c5 a5 16. a3 axb4 17. axb4 Rd8 18. Qc3 f6 19. Bc4 Kg7 20. Qb3 Nf8 21. Rxd8 Qxd8
22. Rd1 Qc7 23. h3 b5 24. cxb6 Qxb6 25. Bg8 Kh8 26. Nd6 Bd7 27. Bc4 Rb8 28. Ne4
Qxb4 29. Qxb4 Rxb4 30. Bd3 f5 31. Nxe5 fxe4 32. Bxe4 Rxe4 33. Nxd7 Nxd7 34. Rxd7
Kg7 35. Kf1 Kf7 36. Ke2 Re6 37. f4 c5 38. Rc7 Ra6 39. Kf3 Ke6 40. g4 Kd6 41. Rc8
Rc6 42. Ra8 c4 43. Ra2 c3 44. Rc2 Kd5 45. f5 gxf5 46. gxf5 Kc4 47. e4 Kb3 0-1

[Event "World Rapid Women 2019"]
[Site "Moscow RUS"]
[Date "2019.12.28"]
[Round "9.51"]
[White "Muetsch, Annmarie"]
[Black "Enkhtuul, Altan-Ulzii"]
[Result "1-0"]
[WhiteTitle "WIM"]
[BlackTitle "WGM"]
[WhiteElo "2227"]
[BlackElo "2200"]
[WhiteFideId "12971367"]
[BlackFideId "4901444"]
[EventDate "2019.12.26"]

1. e4 Nf6 2. e5 Nd5 3. d4 d6 4. Nf3 Bg4 5. Be2 e6 6. O-O Be7 7. c4 Nb6 8. exd6
cxd6 9. Nc3 O-O 10. d5 e5 11. b3 N8d7 12. Ba3 Bxf3 13. Bxf3 f5 14. Nb5 Nc8 15.
Be2 a6 16. Nc3 Bf6 17. Rc1 g6 18. Kh1 Bg7 19. Na4 b6 20. b4 a5 21. bxa5 Rxa5 22.
Bb4 Ra8 23. Nc3 Nc5 24. a3 Rf7 25. Rb1 Bf8 26. Nb5 Na7 27. Nc3 Qh4 28. g3 Qd8
29. f4 e4 30. Na2 Nc8 31. Nc3 Na7 32. Na2 Bg7 33. Bc3 Nc8 34. Qc1 Rfa7 35. Bb4
Na4 36. Bd1 Nc5 37. Bc2 Na6 38. Bd2 Nc5 39. Bb4 Na6 40. Bd2 Qc7 41. Bb3 Nc5 42.
Bb4 Nd3 43. Qd2 Qf7 44. Nc3 Nxb4 45. axb4 Bxc3 46. Qxc3 Qg7 47. Qe3 Kf8 48. c5
bxc5 49. bxc5 dxc5 50. Qxc5+ Qe7 51. Qd4 Qg7 52. Qc5+ Qe7 53. Qd4 Qg7 54. Qb4+
Qe7 55. d6 Qxd6 56. Qc4 Kg7 57. Rfd1 Qf8 58. Qd4+ Qf6 59. Qxf6+ Kxf6 60. Bd5 Ne7
61. Rb6+ Kg7 62. Bxa8 Rxa8 63. Rb7 Kf8 64. Rdd7 Re8 65. Kg2 Kf7 66. Rb6 Rc8 67.
Kf2 Rc2+ 68. Ke1 Rc8 69. Kd2 Ra8 70. Ke3 Ra3+ 71. Kd2 Ke8 72. Rbb7 e3+ 73. Ke2
Nc6 74. Rd3 Ra2+ 75. Kxe3 Rxh2 76. Ra3 Rg2 77. Ra8+ Nd8 78. Rbb8 Rxg3+ 79. Kd4
Rf3 80. Rxd8+ Ke7 81. Re8+ Kf7 82. Rf8+ Kg7 83. Ke5 Re3+ 84. Kd5 Rd3+ 85. Kc5
Rc3+ 86. Kd6 Rd3+ 87. Kc5 Rc3+ 88. Kd4 Rf3 89. Rg8+ Kf7 90. Rh8 Rxf4+ 91. Ke3
Re4+ 92. Kf3 Kg7 93. Rag8+ Kf7 94. Rf8+ Kg7 95. Rhg8+ Kh6 96. Rf7 Ra4 97. Rgg7
Ra3+ 98. Kf4 Ra4+ 99. Ke5 Ra5+ 100. Kd4 Ra4+ 101. Kc3 Kg5 102. Rxh7 Kg4 103. Rh1
Ra3+ 104. Kd4 Rg3 105. Rf1 Kg5 106. Re7 Kf6 107. Re3 Rg4+ 108. Kd3 f4 109. Ke4
g5 110. Ra3 Rg2 111. Ra6+ Ke7 112. Kf5 Rc2 113. Kxg5 Rc8 114. Rxf4 Rg8+ 115. Kf5
Rf8+ 116. Ke4 Rb8 117. Ra4 Rb1 118. Rh4 Re1+ 119. Kf5 Rf1+ 120. Ke5 Kd7 121. Ra6
Re1+ 122. Kd5 Rd1+ 123. Rd4 Rc1 124. Ra7+ Kd8 125. Kd6 Kc8 126. Rd5 Rh1 127. Rg7
Kb8 128. Rf5 Rd1+ 129. Kc5 Rc1+ 130. Kb4 Rc8 131. Rff7 Re8 132. Kc5 Ka8 133. Kc6
Rc8+ 134. Rc7 Rf8 135. Ra7+ Kb8 136. Rgb7+ 1-0

[Event "World Rapid Women 2019"]
[Site "Moscow RUS"]
[Date "2019.12.28"]
[Round "9.52"]
[White "Sgircea, Silvia-Raluca"]
[Black "Tsogzolmaa, Nanjid"]
[Result "1-0"]
[WhiteTitle "WIM"]
[WhiteElo "2271"]
[BlackElo "1884"]
[WhiteFideId "1213776"]
[BlackFideId "4903099"]
[EventDate "2019.12.26"]

1. Nf3 Nf6 2. c4 e6 3. Nc3 d5 4. e3 Be7 5. b3 O-O 6. Bb2 Nbd7 7. Qc2 b6 8. Be2
Bb7 9. Rg1 Rc8 10. g4 c5 11. g5 Ne4 12. h4 Re8 13. d3 Nd6 14. h5 dxc4 15. dxc4
Bxf3 16. Bxf3 Bxg5 17. O-O-O Be7 18. Ne4 Nf5 19. h6 g6 20. Qc3 e5 21. Bg4 Kf8
22. Bxf5 gxf5 23. Rxd7 Qxd7 24. Qxe5 Bg5 25. Qg7+ Ke7 26. Nxg5 Rf8 27. Nxh7 Rg8
28. Qf6+ 1-0

[Event "World Rapid Women 2019"]
[Site "Moscow RUS"]
[Date "2019.12.28"]
[Round "9.53"]
[White "Gevorgyan, Maria"]
[Black "Munkhzul, Davaakhuu"]
[Result "1-0"]
[WhiteTitle "WGM"]
[BlackTitle "WCM"]
[WhiteElo "2255"]
[BlackElo "1991"]
[WhiteFideId "13300270"]
[BlackFideId "4902815"]
[EventDate "2019.12.26"]

1. e4 e5 2. Nf3 Nc6 3. Bc4 Bc5 4. d3 Nf6 5. c3 a6 6. Bb3 Ba7 7. Nbd2 O-O 8. O-O
d5 9. exd5 Nxd5 10. Ne4 Bg4 11. h3 Bh5 12. Bg5 f6 13. Be3 Kh8 14. Bxa7 Rxa7 15.
Ng3 Bg6 16. Nh4 Nce7 17. Nxg6+ Nxg6 18. d4 Ndf4 19. dxe5 Nxe5 20. Qc1 Neg6 21.
Qe3 Ra8 22. Rad1 Qe8 23. Qf3 Qe5 24. Rfe1 Qg5 25. Qxb7 Nh4 26. Bd5 Rab8 27. Qc6
Rxb2 28. Re8 Rb8 29. Rxb8 Rxb8 30. Qxc7 Re8 31. Bc6 Rf8 32. Rd8 Nhg6 33. Rxf8+
Nxf8 34. Qd6 N4g6 35. Be4 h6 36. Qd8 Kg8 37. Qd5+ Kh8 38. Qxg5 hxg5 39. Kf1 Ne5
40. Ke2 Ne6 41. Bb7 a5 42. Ke3 g6 43. Ne2 f5 44. g3 Kg7 45. f4 Nc4+ 46. Kd3 Nb6
47. Bf3 Kf6 48. h4 gxh4 49. gxh4 Ke7 50. c4 Kd6 51. h5 gxh5 52. Bxh5 Kc5 53. Bf7
Nd8 54. Bg8 Nc6 55. a3 Ne7 56. Bf7 Nec8 57. Nd4 Nd6 58. Nb3+ Kc6 59. Nxa5+ Kc5
60. Nb3+ Kc6 61. Be6 Na4 62. Kd4 Nb2 63. Kc3 Nd1+ 64. Kb4 Nf2 65. Nd4+ Kc7 66.
Nb5+ Nxb5 67. cxb5 Nd3+ 68. Kc4 Nxf4 69. Bxf5 Kb6 70. Be4 Ne6 71. Kb4 Nc5 72.
Bd5 Nd3+ 73. Kb3 Nc1+ 74. Kc4 Ne2 75. Kb4 Nd4 76. a4 Nc2+ 77. Kb3 Nd4+ 78. Kc4
Nc2 79. Be4 Ne3+ 80. Kb4 Ng4 81. a5+ Ka7 82. b6+ Ka6 83. Bd3+ Kb7 84. Kb5 Ne5
85. a6+ Kc8 86. a7 1-0

[Event "World Rapid Women 2019"]
[Site "Moscow RUS"]
[Date "2019.12.28"]
[Round "9.54"]
[White "Protopopova, Anastasiya"]
[Black "Gvanceladze, Anna"]
[Result "1-0"]
[WhiteTitle "WFM"]
[BlackTitle "WFM"]
[WhiteElo "2230"]
[BlackElo "2270"]
[WhiteFideId "24172073"]
[BlackFideId "4113721"]
[EventDate "2019.12.26"]

1. d4 d5 2. c4 c6 3. Nf3 Nf6 4. Nc3 dxc4 5. e3 b5 6. a4 b4 7. Na2 e6 8. Bxc4 a5
9. O-O Be7 10. Bd2 Nbd7 11. Nc1 O-O 12. Nb3 c5 13. Qe2 Bb7 14. Rfd1 Qb6 15. Be1
Rac8 16. Rac1 Rfd8 17. Bb5 cxd4 18. Nfxd4 Nc5 19. Nxc5 Bxc5 20. Nb3 Be7 21. f3
Bd5 22. Nd2 Bc5 23. Bf2 Bc6 24. Bxc6 Rxc6 25. Nb3 Rxd1+ 26. Rxd1 Be7 27. e4 Qc7
28. Rd2 h6 29. g3 Nd7 30. Qb5 Ne5 31. Kg2 Nc4 32. Re2 Bf6 33. Nc5 Nd6 34. Qd3
Rxc5 35. Bxc5 Qxc5 36. f4 Qd4 37. Qxd4 Bxd4 38. b3 e5 39. Kf3 Kf8 40. Rc2 Ke7
41. Rc7+ Ke6 42. f5+ Kf6 43. g4 g6 44. h4 gxf5 45. gxf5 Kg7 46. Rd7 Ne8 47. Rd5
Bb6 48. Rxe5 Kf8 49. Rb5 Bc7 50. e5 Ke7 51. Kg4 f6 52. e6 Nd6 53. Rd5 Bd8 54.
Kh5 Ne4 55. Kxh6 Nc3 56. Rd7+ Ke8 57. Kg7 Be7 58. h5 Ne2 59. h6 Bf8+ 60. Kxf6
Bxh6 61. Ra7 1-0

[Event "World Rapid Women 2019"]
[Site "Moscow RUS"]
[Date "2019.12.28"]
[Round "9.55"]
[White "Fominykh, Maria"]
[Black "Gansvind, Valeriya I."]
[Result "1/2-1/2"]
[WhiteTitle "WGM"]
[BlackTitle "WFM"]
[WhiteElo "2206"]
[BlackElo "2081"]
[WhiteFideId "4142411"]
[BlackFideId "4109821"]
[EventDate "2019.12.26"]

1. d4 Nf6 2. c4 e6 3. Nf3 b6 4. e3 Bb7 5. Be2 Bb4+ 6. Nbd2 O-O 7. O-O Bxd2 8.
Nxd2 d6 9. Qc2 Nbd7 10. e4 e5 11. d5 a5 12. b3 Nc5 13. Rb1 Bc8 14. a3 Bg4 15. f3
Bd7 16. b4 Nb7 17. f4 exf4 18. Rxf4 axb4 19. axb4 Qe7 20. Bb2 Ne8 21. Qc3 f6 22.
Rf2 Nd8 23. Bd3 Nf7 24. Nf3 Ne5 25. Nd4 g6 26. Bf1 Ng7 27. h3 Rf7 28. Rc1 f5 29.
exf5 Nxf5 30. Nxf5 Rxf5 31. Rxf5 Bxf5 32. Re1 Ra2 33. Bc1 Rc2 34. Qg3 Qf7 35.
Bg5 Bd7 36. Bf4 Nxc4 37. Qg5 Ne5 38. Bxe5 dxe5 39. Qxe5 1/2-1/2

[Event "World Rapid Women 2019"]
[Site "Moscow RUS"]
[Date "2019.12.28"]
[Round "9.56"]
[White "Barchuk, Irina"]
[Black "Potapova, Margarita"]
[Result "1-0"]
[BlackTitle "WFM"]
[WhiteElo "2121"]
[BlackElo "2307"]
[WhiteFideId "14119005"]
[BlackFideId "14126869"]
[EventDate "2019.12.26"]

1. e4 c5 2. Nc3 d6 3. d3 Nc6 4. Be3 g6 5. d4 cxd4 6. Bxd4 Nxd4 7. Qxd4 Nf6 8. e5
dxe5 9. Qxe5 Qd6 10. Bb5+ Bd7 11. Bxd7+ Qxd7 12. Rd1 Qe6 13. Qxe6 fxe6 14. Nf3
Bh6 15. O-O Rc8 16. Rfe1 Kf7 17. Re2 Ne8 18. Nb5 a6 19. Nbd4 Nc7 20. Rde1 Rhe8
21. c3 Nd5 22. Nxe6 Nf4 23. Nfg5+ Kg8 24. Re4 Nd3 25. R1e2 Nc5 26. Rd4 Bxg5 27.
Nxg5 Kg7 28. Ne6+ Nxe6 29. Rxe6 Rc7 30. Rde4 Kf7 31. f4 Rd8 32. Re2 Rdd7 33. Kf2
Rc4 34. Kf3 Rc5 35. g4 Rcd5 36. h4 Rd3+ 37. R6e3 R3d5 38. c4 Rd4 39. b3 Rd1 40.
Re5 Rf1+ 41. Rf2 Rfd1 42. f5 R1d3+ 43. Re3 R3d4 44. fxg6+ hxg6 45. Kg3+ Kg7 46.
Rfe2 Kf7 47. Re4 Rd3+ 48. Kf4 Rc7 49. Kg5 Rc5+ 50. Re5 Rxe5+ 51. Rxe5 Rd2 52.
Ra5 Re2 53. a3 Rc2 54. c5 Rc3 55. b4 e5 56. c6 Rxc6 57. Rxe5 Rc3 58. Rc5 Rg3 59.
Rc7+ Ke6 60. Rxb7 Rxa3 61. Kxg6 Ra4 62. g5 a5 63. bxa5 Rxh4 64. a6 Ra4 65. a7
Ra5 66. Kh6 Ra4 67. g6 Kf6 68. Rf7+ Ke6 69. Kg7 Ra3 70. Kf8 1-0

[Event "World Rapid Women 2019"]
[Site "Moscow RUS"]
[Date "2019.12.28"]
[Round "9.57"]
[White "Nosacheva, Mariya"]
[Black "Semenova, Elena1"]
[Result "1/2-1/2"]
[WhiteTitle "WFM"]
[BlackTitle "WIM"]
[WhiteElo "2243"]
[BlackElo "2290"]
[WhiteFideId "34111422"]
[BlackFideId "24125148"]
[EventDate "2019.12.26"]

1. Nf3 d5 2. g3 Nd7 3. Bg2 e5 4. d3 Ngf6 5. O-O Bd6 6. c4 c6 7. Nc3 d4 8. Ne4
Nxe4 9. dxe4 Be7 10. e3 dxe3 11. Bxe3 O-O 12. Qc2 Qc7 13. c5 Re8 14. Rfd1 Nf8
15. Qc3 Bg4 16. Rd2 Bxf3 17. Bxf3 Rad8 18. Rad1 Nd7 19. b4 Nf6 20. Kg2 h6 21. h3
Rxd2 22. Rxd2 Ra8 23. Rb2 Rd8 24. a4 a6 25. Rd2 Kf8 26. Qc4 Ke8 27. Be2 Rd7 28.
f4 Rxd2 29. Bxd2 Qd8 30. Bc3 exf4 31. gxf4 Qc7 32. Be5 Qd7 33. Bc3 Qc7 34. Be5
Qd7 35. Bc3 Qc7 36. Be5 1/2-1/2

[Event "World Rapid Women 2019"]
[Site "Moscow RUS"]
[Date "2019.12.28"]
[Round "9.58"]
[White "Antonova, Nadezhda"]
[Black "Komiagina, Maria"]
[Result "0-1"]
[WhiteTitle "WFM"]
[BlackTitle "WIM"]
[WhiteElo "1913"]
[BlackElo "2233"]
[WhiteFideId "14700182"]
[BlackFideId "4153987"]
[EventDate "2019.12.26"]

1. d4 Nf6 2. Nf3 e6 3. e3 b6 4. Bd3 Bb7 5. Nbd2 d5 6. O-O Nbd7 7. Re1 c5 8. c3
Ne4 9. Ne5 Bd6 10. Nxd7 Qxd7 11. Nf1 O-O-O 12. f3 Nf6 13. Ng3 h5 14. e4 h4 15.
Nf1 dxe4 16. fxe4 cxd4 17. cxd4 Bb4 18. Bf4 Qxd4+ 19. Kh1 Qxd3 20. Qc1+ Bc5 21.
b4 h3 22. bxc5 hxg2+ 23. Kxg2 Bxe4+ 24. Kg1 Bc6 25. cxb6 Qd5 26. b7+ Kxb7 27.
Qb2+ Ka8 28. Ne3 Qh1+ 29. Kf2 Qf3+ 30. Kg1 Qxf4 31. Rac1 Qf3 32. Re2 Rh5 33. Ng2
Rg5 34. Rf1 Rxg2+ 35. Rxg2 Qxg2+ 36. Qxg2 Bxg2 0-1

[Event "World Rapid Women 2019"]
[Site "Moscow RUS"]
[Date "2019.12.28"]
[Round "9.59"]
[White "Nilssen, Ellen Fredericia"]
[Black "Bogumil, Tatiana"]
[Result "1-0"]
[WhiteTitle "WFM"]
[BlackTitle "WGM"]
[WhiteElo "2000"]
[BlackElo "2182"]
[WhiteFideId "1441230"]
[BlackFideId "4110579"]
[EventDate "2019.12.26"]

1. d4 Nf6 2. c4 c5 3. d5 b5 4. cxb5 a6 5. bxa6 Bxa6 6. Nc3 d6 7. g3 g6 8. Bg2
Bg7 9. Nf3 O-O 10. Rb1 Nbd7 11. O-O Qa5 12. Bd2 Rfb8 13. b3 Bb7 14. a4 Qb6 15.
Ne1 Ba6 16. Nc2 Ra7 17. Na3 Rab7 18. Nab5 Ne8 19. Qc2 Qd8 20. Rfe1 Nc7 21. Na3
Ra7 22. e4 Ne5 23. Re3 Ng4 24. Rf3 Ne5 25. Re3 Ng4 26. Rf3 Ne5 27. Re3 Bh6 28.
f4 Ng4 29. Ree1 Bg7 30. Bf3 Bd4+ 31. Kg2 Nf6 32. Be2 e6 33. Bxa6 Rxa6 34. dxe6
Nxe6 35. Ncb5 d5 36. f5 gxf5 37. exf5 Ng7 38. Qd3 Qc8 39. Nxd4 cxd4 40. Rec1 Qb7
41. Nb5 Ne4 42. Bf4 Rd8 43. Rc7 Qa8 44. g4 Rc6 45. Rc1 Rxc1 46. Rxc1 Rc8 47.
Rxc8+ Qxc8 48. Nxd4 h5 49. h3 hxg4 50. hxg4 Ne8 51. Qb5 N8f6 52. Qc6 Qf8 53. Kf3
Qb4 54. Ne2 Qxb3+ 55. Kg2 Qd1 56. Qb5 Nxg4 57. f6 Ngxf6 58. a5 Nh5 59. Be3 Qc2
60. a6 Kh7 61. a7 Nc3 62. Qa6 Nxe2 63. Kf3 Nc3 64. a8=Q Qf5+ 65. Kg2 Qg4+ 66.
Kf1 Qd1+ 67. Kf2 Qc2+ 68. Kg1 Qd1+ 69. Qf1 Qg4+ 70. Kh2 Qh4+ 71. Qh3 1-0

[Event "World Rapid Women 2019"]
[Site "Moscow RUS"]
[Date "2019.12.28"]
[Round "9.60"]
[White "Nur-Mukhametova, Alisa"]
[Black "Bulatova, Kamaliya"]
[Result "1/2-1/2"]
[BlackTitle "WFM"]
[WhiteElo "2213"]
[BlackElo "2143"]
[WhiteFideId "54117739"]
[BlackFideId "34111546"]
[EventDate "2019.12.26"]

1. e4 c5 2. Nf3 d6 3. d4 cxd4 4. Qxd4 Nc6 5. Bb5 Bd7 6. Bxc6 Bxc6 7. Nc3 Nf6 8.
Bg5 e5 9. Qd3 Be7 10. O-O-O Qb6 11. Rhf1 Rd8 12. Bxf6 Bxf6 13. Nd5 Bxd5 14. Qxd5
O-O 15. Kb1 Be7 16. Nd2 Rc8 17. Nc4 Qc7 18. Ne3 Rfd8 19. Qd3 Bf8 20. Nd5 Qc4 21.
Qxc4 Rxc4 22. f3 b5 23. Rd3 f6 24. Rfd1 Kf7 25. Ra3 Rd7 26. Ra6 g6 27. b3 Rc5
28. g4 Ke6 29. Kb2 f5 30. gxf5+ gxf5 31. Ne3 Rdc7 32. exf5+ Kf7 33. c4 bxc4 34.
Nxc4 R5c6 35. Rxc6 Rxc6 36. Rd5 Kf6 37. Ne3 Kg5 38. b4 Kf4 39. Rd3 e4 40. fxe4
Kxe4 41. Rb3 Bg7+ 42. Kb1 d5 43. b5 Rc5 44. Nc2 Kxf5 45. a4 d4 46. Ne1 1/2-1/2

[Event "World Rapid Women 2019"]
[Site "Moscow RUS"]
[Date "2019.12.28"]
[Round "10.1"]
[White "Girya, Olga"]
[Black "Bulmaga, Irina"]
[Result "1-0"]
[WhiteTitle "WGM"]
[BlackTitle "IM"]
[WhiteElo "2488"]
[BlackElo "2434"]
[WhiteFideId "4195752"]
[BlackFideId "13903063"]
[EventDate "2019.12.26"]

1. d4 Nf6 2. c4 e6 3. Nf3 b6 4. g3 Bb7 5. Bg2 Be7 6. O-O O-O 7. Nc3 Ne4 8. Bd2
Nxd2 9. Nxd2 Bxg2 10. Kxg2 d6 11. Qc2 c5 12. d5 e5 13. e4 Nd7 14. Rae1 Bf6 15.
Nb3 g6 16. f4 exf4 17. gxf4 Bg7 18. Kh1 Qe7 19. Nc1 a6 20. a4 a5 21. Nd3 Rae8
22. Nb5 Qf6 23. Qg2 Qe7 24. Re2 f6 25. Nc7 Rc8 26. Ne6 Rf7 27. h4 Nf8 28. f5 Re8
29. Ndf4 g5 30. Nh5 Nxe6 31. fxe6 Rff8 32. Ng3 h6 33. Nf5 Qc7 34. Qg3 Kh7 35.
Qxd6 Qxd6 36. Nxd6 Rd8 37. e7 Rxd6 38. exf8=Q Bxf8 39. e5 Rd8 40. Rxf6 Bg7 41.
Rxb6 gxh4 42. Rb7 h3 43. e6 Rf8 44. e7 1-0

[Event "World Rapid Women 2019"]
[Site "Moscow RUS"]
[Date "2019.12.28"]
[Round "10.2"]
[White "Muzychuk, Mariya"]
[Black "Lei, Tingjie"]
[Result "0-1"]
[WhiteTitle "GM"]
[BlackTitle "GM"]
[WhiteElo "2559"]
[BlackElo "2483"]
[WhiteFideId "14114550"]
[BlackFideId "8605114"]
[EventDate "2019.12.26"]

1. e4 e5 2. Nf3 Nf6 3. Nxe5 d6 4. Nf3 Nxe4 5. d4 d5 6. Bd3 Bd6 7. O-O O-O 8. c4
c6 9. Nc3 Nxc3 10. bxc3 dxc4 11. Bxc4 Bf5 12. Re1 Nd7 13. a4 h6 14. h3 Qf6 15.
a5 Rfe8 16. Be3 Re7 17. Bf1 Rae8 18. c4 c5 19. d5 Be4 20. Nd2 Bg6 21. Qf3 Qb2
22. Qd1 Qf6 23. Qf3 Qe5 24. g3 Qb2 25. Red1 Ne5 26. Qg2 Bc2 27. Rdc1 Nd3 28.
Bxd3 Bxd3 29. Rd1 Rxe3 30. fxe3 Rxe3 31. Kh1 Rxg3 32. Qh2 Bf5 33. Qe2 Rxh3+ 34.
Kg1 Qd4+ 0-1

[Event "World Rapid Women 2019"]
[Site "Moscow RUS"]
[Date "2019.12.28"]
[Round "10.3"]
[White "Arabidze, Meri"]
[Black "Muzychuk, Anna"]
[Result "0-1"]
[WhiteTitle "IM"]
[BlackTitle "GM"]
[WhiteElo "2435"]
[BlackElo "2537"]
[WhiteFideId "13604040"]
[BlackFideId "14111330"]
[EventDate "2019.12.26"]

1. d4 Nf6 2. c4 g6 3. g3 c6 4. Bg2 d5 5. Nf3 Bg7 6. cxd5 cxd5 7. Nc3 O-O 8. Ne5
e6 9. O-O Bd7 10. f4 Nc6 11. e3 Rc8 12. Qd2 Ne8 13. b3 Nxe5 14. fxe5 f6 15. exf6
Nxf6 16. Ba3 Rf7 17. Bd6 Bc6 18. Be5 Qe7 19. Bh3 Rcf8 20. Qd3 Bh6 21. Ne2 g5 22.
Nc3 Nd7 23. Bc7 Rxf1+ 24. Rxf1 Rxf1+ 25. Qxf1 g4 26. Bxg4 Bxe3+ 27. Kg2 Bxd4 28.
Ne2 Bg7 29. Nf4 Nf8 30. Ba5 d4+ 31. Bf3 Qa3 32. Bc7 Qxa2+ 33. Kh3 Qc2 34. Bd6
Ng6 35. Nh5 Qf5+ 0-1

[Event "World Rapid Women 2019"]
[Site "Moscow RUS"]
[Date "2019.12.28"]
[Round "10.4"]
[White "Tan, Zhongyi"]
[Black "Dzagnidze, Nana"]
[Result "1-0"]
[WhiteTitle "GM"]
[BlackTitle "GM"]
[WhiteElo "2502"]
[BlackElo "2520"]
[WhiteFideId "8603642"]
[BlackFideId "13601903"]
[EventDate "2019.12.26"]

1. c4 c5 2. Nf3 Nf6 3. d4 cxd4 4. Nxd4 e6 5. g3 Nc6 6. Bg2 Qb6 7. Nc2 Be7 8. O-O
O-O 9. Nc3 d6 10. e4 a6 11. b3 Qc7 12. h3 b6 13. Be3 Bb7 14. Rc1 Nd7 15. Qd2
Rac8 16. Rfd1 Qb8 17. Bg5 Bxg5 18. Qxg5 Nf6 19. Qe3 Ba8 20. Na4 b5 21. Nb6 Rcd8
22. cxb5 axb5 23. Nxa8 Qxa8 24. e5 Nd5 25. Bxd5 exd5 26. e6 Rde8 27. exf7+ Rxf7
28. Qd3 Qa7 29. Rf1 d4 30. Qxb5 Qc5 31. Nxd4 Qxd4 32. Qxc6 Ref8 33. Qc4 Qa7 34.
Rc2 Kh8 35. Rd2 h6 36. Qd4 Qd7 37. h4 Rf6 38. Re1 Qh3 39. Re7 Rg6 40. Re3 Rgf6
41. Rde2 Qc8 42. Re7 Qc1+ 43. Kg2 Qc6+ 44. Kh2 Qf3 45. Re8 Rxe8 46. Rxe8+ Kh7
47. Kg1 d5 48. Re1 Ra6 49. Re7 Rg6 50. Re3 Qf5 51. Qd3 Qxd3 52. Rxd3 Ra6 53. a4
Ra5 54. Kg2 Kg6 55. Kf3 Kf5 56. Rd4 h5 57. Ke3 Ke5 58. Rb4 Rc5 59. Kd3 Rc1 60.
Rb8 Rd1+ 61. Ke2 Rb1 62. a5 Kd4 63. a6 Ra1 64. Rb4+ Kc3 65. Ra4 1-0

[Event "World Rapid Women 2019"]
[Site "Moscow RUS"]
[Date "2019.12.28"]
[Round "10.11"]
[White "Munguntuul, Batkhuyag"]
[Black "Kashlinskaya, Alina"]
[Result "1/2-1/2"]
[WhiteTitle "IM"]
[BlackTitle "IM"]
[WhiteElo "2430"]
[BlackElo "2484"]
[WhiteFideId "4900758"]
[BlackFideId "4198026"]
[EventDate "2019.12.26"]

1. e4 e5 2. Nf3 Nf6 3. d4 Nxe4 4. Bd3 d5 5. Nxe5 Nd7 6. Nxd7 Bxd7 7. O-O Bd6 8.
Nc3 Nxc3 9. bxc3 O-O 10. Qh5 f5 11. Bg5 Qe8 12. Qf3 Qg6 13. h4 Kh8 14. Rfe1 Rae8
15. Bf4 Bxf4 16. Qxf4 Qc6 17. Rab1 a6 18. Rxe8 Rxe8 19. Bxf5 Qf6 20. g4 g6 21.
Qxc7 Bxf5 22. gxf5 Qxf5 23. Qg3 b5 24. Qd3 Qg4+ 25. Qg3 Qe2 26. Qd3 Qg4+ 27. Qg3
Qxg3+ 28. fxg3 Re2 29. a4 bxa4 30. Ra1 Rxc2 31. Rxa4 Rxc3 32. Kf2 Rc6 33. Ra5
Rd6 34. Ke3 Kg7 35. Kf4 Kf6 36. Rc5 h6 37. Ra5 Ke6 38. g4 Kf6 39. g5+ hxg5+ 40.
hxg5+ Ke6 41. Rc5 Rd7 42. Rc6+ Rd6 43. Rc7 1/2-1/2

[Event "World Rapid Women 2019"]
[Site "Moscow RUS"]
[Date "2019.12.28"]
[Round "10.12"]
[White "Abdumalik, Zhansaya"]
[Black "Afonasieva, Anna"]
[Result "1-0"]
[WhiteTitle "IM"]
[BlackTitle "WFM"]
[WhiteElo "2465"]
[BlackElo "2302"]
[WhiteFideId "13703544"]
[BlackFideId "24173606"]
[EventDate "2019.12.26"]

1. e4 c6 2. d4 d5 3. Nd2 dxe4 4. Nxe4 Bf5 5. Ng3 Bg6 6. h4 h6 7. Nh3 e5 8. dxe5
Qa5+ 9. c3 Qxe5+ 10. Be2 Bc5 11. Qb3 Qc7 12. Qc4 Nd7 13. h5 Bh7 14. Bf4 Bd6 15.
Bxd6 Qxd6 16. Rd1 Qc5 17. Qg4 O-O-O 18. Qxg7 Ngf6 19. Qxf7 Rhg8 20. Rxd7 Rxd7
21. Qxf6 Re7 22. Qd4 Qb5 23. Nf4 Qxb2 24. O-O Qb6 25. Bc4 Qxd4 26. cxd4 Rge8 27.
Ng6 Re1 28. Nf5 Rxf1+ 29. Kxf1 Kd7 30. Nxh6 b5 31. Bd3 Kc7 32. Nf7 a5 33. d5
cxd5 34. Bxb5 Rb8 35. a4 Rxb5 36. axb5 a4 37. Ne7 Kb6 38. Nxd5+ Kc5 39. Nc3 a3
40. Ke2 Bg8 41. Ng5 Bc4+ 42. Kd2 Bxb5 43. h6 1-0

[Event "World Rapid Women 2019"]
[Site "Moscow RUS"]
[Date "2019.12.28"]
[Round "10.17"]
[White "Gaponenko, Inna"]
[Black "Mammadzada, Gunay"]
[Result "1/2-1/2"]
[WhiteTitle "IM"]
[BlackTitle "IM"]
[WhiteElo "2396"]
[BlackElo "2455"]
[WhiteFideId "14101181"]
[BlackFideId "13403729"]
[EventDate "2019.12.26"]

1. e4 c5 2. c3 Nf6 3. e5 Nd5 4. Nf3 d6 5. d4 cxd4 6. cxd4 Nc6 7. Bc4 dxe5 8.
Bxd5 Qxd5 9. Nc3 Qd6 10. d5 Nd4 11. Nxd4 exd4 12. Qxd4 e5 13. Qd3 Bd7 14. O-O
Qg6 15. Qxg6 hxg6 16. Re1 O-O-O 17. Be3 b6 18. f4 exf4 19. Bxf4 Bc5+ 20. Kh1 Bf5
21. Rad1 f6 22. a3 Rh4 23. g3 Rhh8 24. b4 Bd6 25. Bxd6 Rxd6 26. Kg2 Rd7 27. Re3
g5 28. Rd4 Rhd8 29. g4 Bg6 30. Kf3 Rh8 31. Kg2 Bf7 32. h3 a6 33. a4 Kc7 34. Kg3
Re8 35. Rxe8 Bxe8 36. Kf3 Kd6 37. a5 bxa5 38. bxa5 Rb7 39. Ke3 g6 40. Rc4 f5 41.
gxf5 gxf5 42. Rc8 Bd7 43. Rg8 Rb3 44. Kd3 Bb5+ 45. Kc2 Bc4 46. Rxg5 Ke5 47. Rh5
Rb8 48. d6 Rd8 49. Rh6 f4 50. Kd2 Be6 51. Rh5+ Bf5 52. Rh6 Rxd6+ 53. Rxd6 Kxd6
54. h4 Kc5 55. h5 Kb4 56. Nd5+ Kxa5 57. Nxf4 Kb4 58. Nd5+ Kc5 59. Ne3 Bh7 60.
Kc3 a5 61. Ng4 a4 62. Nf6 Bf5 63. h6 Kd6 64. Kb4 Ke6 65. h7 Bxh7 66. Nxh7 1/2-1/2

[Event "World Rapid Women 2019"]
[Site "Moscow RUS"]
[Date "2019.12.28"]
[Round "10.18"]
[White "Novikova, Anna"]
[Black "Osmak, Iulija"]
[Result "0-1"]
[WhiteTitle "WIM"]
[BlackTitle "IM"]
[WhiteElo "2260"]
[BlackElo "2388"]
[WhiteFideId "4146794"]
[BlackFideId "14101602"]
[EventDate "2019.12.26"]

1. e4 e5 2. Nf3 Nc6 3. Bc4 Nf6 4. d3 Be7 5. O-O O-O 6. Bb3 d6 7. c3 Kh8 8. Re1
Ng8 9. d4 Bg4 10. Be3 f5 11. h3 Bxf3 12. Qxf3 f4 13. Bc1 exd4 14. Bxg8 Kxg8 15.
cxd4 Nxd4 16. Qd3 Nc6 17. Qb3+ Kh8 18. Qxb7 Nd4 19. Na3 f3 20. Be3 Bf6 21. Rab1
fxg2 22. Kxg2 Qe8 23. Qd5 c6 24. Qxd6 Qxe4+ 25. Kg1 Nf3+ 26. Kf1 Nxe1 27. Rxe1
Bxb2 28. Nb1 Qh1+ 29. Ke2 Qf3+ 30. Kf1 Qxh3+ 31. Ke2 Qg4+ 32. Kf1 Qc4+ 33. Kg2
Rf6 34. Qh2 Rg6+ 35. Kh1 Qd5+ 0-1